LEADER 01345nam a2200289 i 4500 001 000000113235 003 CaOOAMICUS 005 20031111000000.0 008 031111s1974 it u000 u ita u 013 $a85921 040 $aSeMil$bita 100 1 $aRaudive, Konstantin.$0(OLS)http://semarc/name/47390 240 10$aUnhörbares wird Hörbar.$0(OLS)http://semarc/title/165289 245 10$aVoci dall'aldilà :$b(l'inaudibile si fa udibile) : uno straordinario esperimento di comunicazioni elettroniche coi defunti /$cKonstantin Raudive prefazione di Giuseppe Crosa. 250 $a2. ed. 260 $aFirenze :$bCorrado Tedeschi,$c1974. 300 $a300 p. :$bill. ;$c22 cm. 490 0 $aI libri dell'ignoto ;$vN.1 500 $aContiene : Appendice. - Fondo Card. C.M. Martini. 700 1 $aCrosa, Giuseppe.$0(OLS)http://semarc/name/47391 830 2$aI libri dell'ignoto ;$vN.1.$0(OLS)http://semarc/title/13807 850 $aSeMil 852 $aSeMil$W1$xVenegono$y1$m$j2960$B68941$CSeMilBibl$Z2$F0 $82 941 1 $a4 961 $aOmaggio: Martini Card. Carlo Maria 996 $6245$aVoci dall'aldilà :$b(l'inaudibile si fa udibile) : uno straordinario esperimento di comunicazioni elettroniche coi defunti$9(OLS)http://semarc/title/165288 996 $6260$aFirenze :$bCorrado Tedeschi$9(OLS)http://semarc/publisher/32864 LEADER 00727nam a2200181 i 4500 001 000000209583 003 CaOOAMICUS 005 20111220000000.0 008 111220s1834 it u000 u ita u 013 $a188373 040 $aSeMil$bita 100 1 $aAndres, Juan <1740-1817>.$0(OLS)http://semarc/name/3028 245 10$aTomo 8, Parte 2. ed ultima. 300 $aP. 164-340. 773 0 $aAndres, Juan <1740-1817>$tDell'origine, progressi e stato attuale di ogni letteratura.$bNuova edizione.$dVenezia : Giuseppe Antonelli, 1830-1834.$g8$w()25747 850 $aSeMil 852 $aSeMil$W1$xVenegono$y1$m1U IV 29 FA$j160034$B160034$CSeMilBibl$Z2$F171067 $8I 996 $6245$aTomo 8, Parte 2. ed ultima$9(OLS)http://semarc/title/302931